ALL Characters in The Chronicles of Narnia - Statistics

General Stats
  • This quiz has been taken 163 times
  • The average score is 41 of 196
Answer Stats
Character % Correct
Lucy Pevensie
93%
Peter Pevensie
89%
Aslan
87%
Edmund Pevensie
87%
Susan Pevensie
87%
Lord Rhoop
70%
Mr. Beaver
69%
White Witch
69%
Mrs. Beaver
67%
Polly
65%
Shasta (Cor)
65%
Tumnus
65%
Digory Kirke
63%
Jill Pole
63%
Reepicheep
63%
Corin
59%
Trumpkin
59%
Aravis Tarkheena
56%
Rilian
56%
Miraz
54%
Uncle Andrew
54%
Bree
50%
Lord Drinian
50%
Ram the Great
50%
Tirian
50%
Caspian X
48%
Nikabrik
48%
Trufflehunter
48%
Fledge
46%
Puzzle
46%
Rabadash
44%
Ramandu
44%
Tash
44%
Hwin
43%
King Lune
41%
Lord Octesian
41%
Shift
41%
Jewel
39%
Lord Bern
39%
Maugrim (Fenris Ulf)
39%
Lasaraleen Tarkheena
37%
Glimfeather
35%
Lady of the Green Kirtle
35%
Lord Sopespian
35%
Rhince
35%
Glenstorm
33%
Tisroc
33%
Caspian IX
31%
Caspian the Conqueror
31%
Coriakin
31%
Cornelius
31%
Lord Glozelle
31%
Ahoshta
28%
Farsight
28%
Giant Rumblebuffin
28%
Lord Mavramorn
28%
Peepiceek
28%
Pug
28%
Bacchus
26%
Caspian VI
26%
Gumpas
26%
Letitia Ketterley
26%
Lord Restimar
26%
Mrs. Macready
26%
Poggin
26%
Arsheesh
24%
Caspian VIII
24%
Ginger
24%
Lord Argoz
24%
Lord Revilian
24%
Rishda Tarkaan
24%
Roonwit
24%
Father Christmas
22%
Betty
20%
Golg
20%
Mabel Kirke
20%
Silenus
20%
Swanwhite
19%
Alambil
17%
Anne Featherstone
17%
Dar
17%
Darrin
17%
Margaret
17%
Mr. Kirke
17%
Snowflake
17%
Zardeenah
17%
Adela Pennyfather
15%
Alberta Scrubb
15%
Col
15%
Duffle
15%
Ivy
15%
Eustance
13%
Frank I
13%
Helen I
13%
Hermit of the Southern March
13%
Puddlegum
13%
Rynelf
13%
Wimbleweather
13%
Edith Jackle
11%
Edith Winterblott
11%
Erlian
11%
Mrs. Lefay
11%
Bricklethumb
9%
Chervy
9%
Coalback
9%
Colin
9%
Harold Scrubb
9%
Jackdaw
9%
Kidrash Tarkaan
9%
Nurse, the
9%
Patterwig
9%
Prunaprisma
9%
Sallowpad
9%
Tarva
9%
Alimash
7%
Anradin Tarkaan
7%
Camillo
7%
Clodsley Shovel
7%
Emperor-Over-the-Sea
7%
Father Time
7%
Frank V
7%
Lapsed Bear of Stormness
7%
Marjorie
7%
River-God
7%
Sarah
7%
Spivvins
7%
Cole
6%
Emeth Tarkaan
6%
Gale
6%
Griffle
6%
Gwendolen
6%
King Nain
6%
Lilith
6%
Moonwood
6%
Rogin
6%
Shar
6%
White Stag
6%
"Big" Bannister
4%
Cloudbirth
4%
Diggle
4%
Edward
4%
Hogglestock
4%
Ilgamuth
4%
Lord Bar
4%
Lord Belisar
4%
Miss Prizzle
4%
Mullugutherum
4%
Pire
4%
Pittencream
4%
Pomona
4%
Raven of Ravenscaur
4%
Tacks
4%
Tran
4%
Uvilas
4%
Warden
4%
Ardeeb Tisroc
2%
Axartha Tarkaan
2%
Azaroth
2%
Azrooh
2%
Beech Dryad
2%
Carter
2%
Chief Voice
2%
Chlamash
2%
Cholmondeley Shovel
2%
Corradin
2%
Destrier
2%
Dumnus
2%
Emerald Witch
2%
Girbius
2%
Harpa Tarkaan
2%
Ilsombreh Tisroc
2%
Ladygloves
2%
Liln
2%
Lord Arlian
2%
Lord Perdian
2%
Maenads
2%
Mentius
2%
Nausus
2%
Oak
2%
Obentinus
2%
Olvin
2%
Orruns
2%
Oscuns
2%
Passarids
2%
Pulverulentus Siccus
2%
Slinkey
2%
"Spotty" Sorner
2%
Stonefoot
2%
Thornbut
2%
Urnus
2%
Voltinus
2%
Wraggle
2%
Lord Erimon
0%
Ninienus
0%
Volunus
0%
No matching quizzes found
Score Distribution
Percent of People with Each Score
Percentile by Number Answered
Your Score History
You have not taken this quiz